Κατάλογος Βιβλιοθηκών Mediterranean College

Management and Organizational Behavior / Third Edition (Record no. 909)

MARC details
000 -LEADER
fixed length control field 01652cam a22002054a 4500
005 - ΗΜΕΡΟΜΗΝΙΑ ΚΑΙ ΩΡΑ ΤΕΛΕΥΤΑΙΑΣ ΕΝΗΜΕΡΩΣΗΣ
Πεδίο ελέγχου 20250605163949.0
008 - FIXED-LENGTH DATA ELEMENTS--GENERAL INFORMATION
Πεδίο ελέγχου σταθερού μήκους 250528s ||||||||||||||||||||||||d
035 ## - SYSTEM CONTROL NUMBER
System control number 15319
020 ## - ISBN
ISBN 273600397
040 ## - ΠΗΓΗ ΚΑΤΑΛΟΓΟΓΡΑΦΗΣΗΣ
Φορέας πρωτότυπης καταλογογράφησης MC Athens Campus Library
Γλώσσα καταλογογράφησης Ελληνικά, Μοντέρνα (1453-)
Modifying agency MC Athens Campus Library
Κανόνες περιγραφικής καταλογογράφησης AACR2
245 1# - ΤΙΤΛΟΣ ΚΑΙ ΔΗΛΩΣΗ ΥΠΕΥΘΥΝΟΤΗΤΑΣ
Τίτλος Management and Organizational Behavior / Third Edition
250 ## - EDITION STATEMENT
Edition statement 3rd
260 ## - PUBLICATION, DISTRIBUTION, ETC.
Name of publisher, distributor, etc. Pitman Publishing,
Date of publication, distribution, etc. 1993
300 ## - PHYSICAL DESCRIPTION
Extent 730
520 ## - SUMMARY, ETC.
Summary, etc. The author takes a managerial approach to the study of organizational behavior with an emphasis on improving work performance through a better understanding of human resources. Acknowledgements, Management and Organizational Behavior, The Nature of Organizational Behavior, Approaches to Organization and Management, The Organizational Setting, The Individual, Individual Differences, The Process of Perception, Groups and Leadership, The Nature of Groups, Group Processes and Behavior, The Nature of Leadership, Context of the Organization, Organizational Goals and Objectives, Organization Structure and Systems, Contingency Approach to Organization and Management, Management as an Integrating Activity, The Nature of Management, Managerial Behavior and Effectiveness, Organizational Processes, The Nature of Work Motivation, Job Satisfaction and Work Performance, The Nature of Delegation, The Nature of Management Control, The Personnel Function, Personnel and Employee Relations, Staffing the Organization, Improving Organizational Performance, Organization Development, Management Development and Organizational Effectiveness, Conclusion, Index.
700 1# - ΠΡΟΣΘΕΤΗ ΑΝΑΓΡΑΦΗ--ΦΥΣΙΚΟ ΠΡΟΣΩΠΟ
Personal name Mullins Laurie J
9 (RLIN) 1214
942 ## - ADDED ENTRY ELEMENTS (KOHA)
Koha item type Books
Holdings
Τύπος τεκμηρίου Βιβλιοθήκη Τρέχουσα τοποθεσία Barcode Αριθμός εισαγωγής Ημερομηνία απόκτησης Ταξιθετικό σύμβολο Αριθμός αντιτύπου Κατάσταση απόσυρσης Κατάσταση χαμένου Κατάσταση κατεστραμμένου Μη δανεισμός Σύνολο δανεισμών Ημερομηνία τελευταίας εμφάνισης Η τιμή ισχύει από
Books MC Athens Campus Library MC Athens Campus Library 9780000009081 1567 05/06/2025 658 MUL 1           05/06/2025 05/06/2025

MC Athens Campus Library
Πατησίων 94 & Κοδριγκτώνος 13, 104 34
Πελλήνης 8 & Πατησίων 107, 112 51
Τ: +30 210 8899600

MC Thessaloniki Campus Library
Ίωνος Δραγούμη 21, 54625 | Ίωνος Δραγούμη 15, 54625
Τ: +30 2310 287779 – Τ: +30 2314 440300